Cities of Europe: Picture Quiz - Statistics

General Stats
  • This quiz has been taken 39 times
  • The average score is 14 of 16
Answer Stats
Picture Answer % Correct
Athens
100%
London
100%
Paris
100%
Rome
100%
Amsterdam
97%
Berlin
97%
Barcelona
95%
Budapest
92%
Moscow
92%
Brussels
82%
Monaco
82%
Stockholm
82%
Kiev
79%
Prague
76%
Geneva
66%
Reykjavik
66%
No matching quizzes found
Score Distribution
Percent of People with Each Score
Percentile by Number Answered
Your Score History
You have not taken this quiz